00302nam a2200133Ia 4500100003400000650001500034366000700049654001500056245004100071260002200112082001400134300000800148546001200156 aShmueli/Galit/ Patel/Nitin R  aDatamining f25 adatamining aDatamining for Business Intelligence bWiley Indiac2007 a5.74bSHM a279 aENGLISH